| 000 | 00611nam a2200181 a 4500 | ||
|---|---|---|---|
| 001 | 000018511 | ||
| 005 | 20200929165821.0 | ||
| 008 | 100511s1965 pr r 000 p spa d | ||
| 040 |
_aDO-SdBNP _bspa _cBNPHU |
||
| 082 | _aPR861.64 | ||
| 100 | 1 |
_aRivera Rivera, Eloisa, _d1911 _940043 |
|
| 245 | 1 | 3 |
_aLa poesía en Puerto Rico antes de 1843 / _cEloísa Rivera Rivera. |
| 260 |
_aSan Juan, Puerto Rico : _bInstituto de Cultura Puertorriqueña, _c1965. |
||
| 300 | _a316 p. | ||
| 500 | _aIncluye notas al pie de las páginas | ||
| 650 | 4 |
_aPoesía puertorriqueña _91015 |
|
| 650 | 4 |
_aLiteratura puertorriqueña _9250 |
|
| 999 |
_c18031 _d18031 |
||